000 00580cam a2200205 4500
001 45534
090 _a45534
100 _a19931102d1942 m y0pory50030103ba
101 0 _apor
102 _aPT
200 1 _aAspectos sociais da orientacão profissional
_fEmílio Costa
210 9 _aLisboa
_cCosmos,
_d1942
215 _a111 p.
_d19 cm
225 2 _aBiblioteca Cosmos
_v29
_hSeccão 7
_v3.
_iProblemas do nosso tempo. Sociais
675 _a331.826
_vBN
_zpor
675 _a331.5
675 _a301.085.2
_vBN
_zpor
700 1 _aCosta,
_bEmílio Martins,
_f1877-1952
801 0 _aPT
_bBN
_gRPC
990 _cMON